Elenca la formazione - Quiz n°38 - Statistics

Statistiche generali
  • Questo quiz è stato fatto 63 volte
  • Il punteggio medio è 6 su 11
Statistiche sulle risposte
Ruolo Nazione Calciatore % Corretto
Ala Inghilterra Jadon Sancho
84%
Trequartista Germania Marco Reus
84%
Centrocampista Belgio Axel Witsel
82%
Difensore Svizzera Manuel Akanji
76%
Ala Portogallo Raphaël Guerreiro
71%
Difensore Polonia Łukasz Piszczek
58%
Attaccante Spagna Paco Alcácer
44%
Portiere Svizzera Marwin Hitz
31%
Difensore Turchia Ömer Toprak
29%
Centrocampista Germania Julian Weigl
18%
Difensore Germania Nico Schulz
18%
Nessun quiz corrispondente trovato
Distribuzione punteggi
Percentuale di utenti per punteggio
Percentile per numero di risposta
I tuoi punteggi nel tempo
Non hai fatto questo quiz